000 00343nam a2200145Ia 4500
003 OSt
005 20231228063818.0
008 170523s9999 xx 000 0 und d
020 _a9788122402070
040 _ciimtu
100 _aDesai- Ashok V.
245 0 _aNonconventional Energy
260 _aNew Age International Pub.
942 _2ddc
_c02
999 _c12576
_d12576